000 00798nab a2200241 u 4500
001 11273
003 HDC
007 cr bn ---aaaaa
008 210206c9999 |r|noo 0 a eng d
040 _aHDC
110 _aThe News
245 0 _aRamazan in the Big Apple is just one challenge for halal food vendor
260 _a[no place] :
_b[publisher not identified],
_c[no year]
336 _atext
_2rdacontent
337 _acomputer
_2rdamedia
338 _aonline resource
_2rdacarrier
650 _ahalal food vendor
_911563
650 _ahalal food
_950
856 _zRequest full-text at [email protected]
942 _2lcc
942 _cNEWS
942 _kNWSO 001289
999 _c8596
_d8596